000 00785nam a2200193 4500
001 227
005 20230411085952.0
008 060907n1994 dr spa
020 _a082133025X
035 _9funglode228
041 _aEn
245 0 _aPoverty alleviation and social investment funds :
_bThe Latin American experience /
_cPhilip J. Glaessner... [et al.]
260 _aWashington :
_bThe World Bank,
_c1994
300 _a61 p.
440 _aWorld Bank discussion papers ;
_v261
520 _aBackground, 1. -- Objectives and basic characteristics of social investment funds in Latin America, 4. -- Implementation experience, 9. -- Lessons learned, 28. -- Future prospects of the social investment funds, 30
700 _aGlaessner, Philip J.
942 _2lcc
_cbk
999 _c110182
_d110182